000 00626nam a2200217Ia 4500
005 20241216010952.0
008 190212s9999||||xx |||||||||||||| ||und||
020 _a950-808-207-0
082 _a155.424
_bD89
100 _aDONZIS, LILIANA
245 0 _aJUGAR, DIBUJAR, ESCRIBIR, PSICOANALISIS CON NIÑOS
250 _a0
260 _aROSARIO-ARGENTINA
_bHOMO SAPIENS
_c1998
300 _a217 pag
_c21 pag
341 _h69
490 _v0
_a0
505 _aREFLEXIONES DE ESCRITURA/JUEGO/PSICOSOMATICA/LIGERO DESPERTA
541 _aC
_bLIBRERIA "SAN CRISTOBAL"
_d19-Sep-02
_oSoles
650 _aFILOSOFIA
942 _cLIBRO
999 _c29015
_d29015